Tratado de geología / (Record no. 27526)

MARC details
000 -LEADER
campo de control de longitud fija 01420nam a2200373 i 4500
001 - NÚMERO DE CONTROL
campo de control 27526
003 - IDENTIFICADOR DE NÚMERO DE CONTROL
campo de control ES-MaACL
005 - FECHA Y HORA DE LA ÚLTIMA TRANSACCIÓN
campo de control 20230906153634.0
007 - CAMPO FIJO DE DESCRIPCIÓN FÍSICA--INFORMACIÓN GENERAL
campo de control de longitud fija t|
008 - DATOS DE LONGITUD FIJA--INFORMACIÓN GENERAL
campo de control de longitud fija 030114m19801981sp ||||1| spa d
020 ## - NÚMERO INTERNACIONAL ESTÁNDAR DEL LIBRO
Número Internacional Estándar del Libro 84-282-0633-3
100 1# - ENTRADA PRINCIPAL--NOMBRE DE PERSONA
Nombre de persona Aubouin, Jean.
9 (RLIN) 23814
245 10 - MENCIÓN DEL TÍTULO
Título Tratado de geología /
Mención de responsabilidad, etc. Jean Aubouin, Robert Brousse, Jean-Pierre Lehman.
260 ## - PUBLICACIÓN, DISTRIBUCIÓN, ETC.
Lugar de publicación, distribución, etc. Barcelona :
Nombre del editor, distribuidor, etc. Omega,
Fecha de publicación, distribución, etc. 1980-1981.
300 ## - DESCRIPCIÓN FÍSICA
Extensión 3 v. :
Otras características físicas il. ;
Dimensiones 26 cm.
500 ## - NOTA GENERAL
Nota general Indices.
505 8# - NOTA DE CONTENIDO CON FORMATO
Nota de contenido con formato Contiene: V. I: Petrología / ilustraciones de Claude Hiraga ; traducido por Isabel Zamarreño e Ignacio Gil. -- V. II: Paleontología ; estratigrafía / ilustraciones de Celso Salgueiro y André Mariot ; traducido por Esmeralda Caus. -- V. III: Tectónica ; tecnofísica ; morfología / ilustraciones de André Mariot ; traducido por David Serrat
700 1# - ENTRADA AGREGADA--NOMBRE PERSONAL
Nombre de persona Brousse, Robert.
9 (RLIN) 31967
700 1# - ENTRADA AGREGADA--NOMBRE PERSONAL
Nombre de persona Lehman, Jean-Pierre.
9 (RLIN) 71325
700 1# - ENTRADA AGREGADA--NOMBRE PERSONAL
Nombre de persona Hiraga, Claude.
9 (RLIN) 63797
700 1# - ENTRADA AGREGADA--NOMBRE PERSONAL
Nombre de persona Zamarreño, Isabel.
9 (RLIN) 117895
700 1# - ENTRADA AGREGADA--NOMBRE PERSONAL
Nombre de persona Gil, Ignacio.
9 (RLIN) 56733
700 1# - ENTRADA AGREGADA--NOMBRE PERSONAL
Nombre de persona Salgueiro, Celso.
9 (RLIN) 101908
700 1# - ENTRADA AGREGADA--NOMBRE PERSONAL
Nombre de persona Mariot, André.
9 (RLIN) 76882
700 1# - ENTRADA AGREGADA--NOMBRE PERSONAL
Nombre de persona Caus, Esmeralda.
9 (RLIN) 37119
700 1# - ENTRADA AGREGADA--NOMBRE PERSONAL
Nombre de persona Serrat, David.
9 (RLIN) 105812
740 0# - ENTRADA AGREGADA--TÍTULO RELACIONADO/ANALÍTICO NO CONTROLADO
Título relacionado o analítico no controlado Petrología.
740 0# - ENTRADA AGREGADA--TÍTULO RELACIONADO/ANALÍTICO NO CONTROLADO
Título relacionado o analítico no controlado Paleontología.
740 0# - ENTRADA AGREGADA--TÍTULO RELACIONADO/ANALÍTICO NO CONTROLADO
Título relacionado o analítico no controlado Estratigrafía.
740 0# - ENTRADA AGREGADA--TÍTULO RELACIONADO/ANALÍTICO NO CONTROLADO
Título relacionado o analítico no controlado Tectónica.
740 0# - ENTRADA AGREGADA--TÍTULO RELACIONADO/ANALÍTICO NO CONTROLADO
Título relacionado o analítico no controlado Tecnofísica.
740 0# - ENTRADA AGREGADA--TÍTULO RELACIONADO/ANALÍTICO NO CONTROLADO
Título relacionado o analítico no controlado Morfología.
852 ## - LOCALIZACIÓN
Ubicación ES-MaACL
Número de control de estantería L-11374-6
Sublocalización o colección R.113223
Holdings
Estatus retirado Estado de pérdida Estado de daño No para préstamo Biblioteca de origen Biblioteca actual Ubicación en estantería Fecha de adquisición Fuente de adquisición Total de préstamos Signatura topográfica completa Código de barras Visto por última vez Precio de reemplazo Tipo de ítem Koha
        Biblioteca del Ateneo de Madrid Biblioteca del Ateneo de Madrid Depósito 2 17/01/2008     L-11374-6 1028424 23/02/2023 23/02/2023 Libro impreso